Phân tích hiện trạng sử dụng và quản lý tài nguyên đến sinh kế người dân ven biển, huyện Cù Lao Dung, tỉnh Sóc Trăng : Luận văn thạc sĩ chuyên ngành Quản lý môi trường

Nghiên cứu này phân tích hiện trạng sử dụng và quản lý tài nguyên ven biển, huyện Cù Lao Dung, tỉnh Sóc Trăng nhằm góp phần hỗ trợ những thông tin cần thiết cho công tác quản lý và sử dụng tài nguyên một cách hợp lý cũng như cải thiện si...

Descripció completa

Guardat en:
Dades bibliogràfiques
Autor principal: Nguyễn, Thị Minh Thư
Format: Llibre
Idioma:Undetermined
Publicat: Cần Thơ Trường Đại học Cần Thơ 2012
Matèries:
Etiquetes: Afegir etiqueta
Sense etiquetes, Sigues el primer a etiquetar aquest registre!
Thư viện lưu trữ: Trung tâm Học liệu Trường Đại học Cần Thơ
LEADER 01406nam a2200241Ia 4500
001 CTU_178467
008 210402s9999 xx 000 0 und d
082 |a 333.7 
082 |b Th550 
088 |a 60850101 
100 |a Nguyễn, Thị Minh Thư 
245 0 |a Phân tích hiện trạng sử dụng và quản lý tài nguyên đến sinh kế người dân ven biển, huyện Cù Lao Dung, tỉnh Sóc Trăng : 
245 0 |b Luận văn thạc sĩ chuyên ngành Quản lý môi trường 
245 0 |c Nguyễn Thị Minh Thư ; Trường Hoàng Minh, Trương Hoàng Đan (Hướng dẫn khoa học) 
260 |a Cần Thơ 
260 |b Trường Đại học Cần Thơ 
260 |c 2012 
520 |a Nghiên cứu này phân tích hiện trạng sử dụng và quản lý tài nguyên ven biển, huyện Cù Lao Dung, tỉnh Sóc Trăng nhằm góp phần hỗ trợ những thông tin cần thiết cho công tác quản lý và sử dụng tài nguyên một cách hợp lý cũng như cải thiện sinh kế người dân ven biển nơi đây. 
650 |a Natural resources,Quản lý tài nguyên thiên nhiên 
650 |x Management 
904 |i Thái 
910 |a Nguyên 
980 |a Trung tâm Học liệu Trường Đại học Cần Thơ